Banderas de países con rojo eliminado - Estadísticas

Estadísticas generales
  • Esta prueba ha sido intentada 29 veces
  • La puntuación promedio es 11 de 12
Estadísticas de respuestas
Imagen Respuesta % Correcto
Albania
100%
Australia
100%
China
100%
España
100%
Estados Unidos
100%
Marruecos
100%
Macedonia del Norte
96%
Montenegro
92%
Vietnam
92%
Angola
88%
Papúa Nueva Guinea
85%
Timor Oriental
65%
No se encontraron pruebas coincidentes
Distribución de puntuación
Porcentaje de gente con cada puntuación
Porcentaje por número respondido
Historial de tus puntuaciones
No has intentado esta prueba.